000 00299nam a2200121Ia 4500
008 150201s1997 xx 000 0 und d
082 _a610
_bP97U
100 _aUDWADIA,FE
245 _aPRINCIPLES OF CIRITICAL CARE
260 _bOXFORD
_aDELHI
_c1997
650 _aCOMMUNITY MEDICINE
942 _2ddc
_cBK
999 _c1216
_d1216